La pena privada

Uloženo v:
Podrobná bibliografie
Hlavní autor: Alarcón Soto, Alejandro Ernesto (Autor)
Médium: Kniha
Jazyk:španělština
Vydáno: Santiago Jurídicas de Santiago 2005
Vydání:1a. ed
Témata:
Tagy: Přidat tag
Žádné tagy, Buďte první, kdo vytvoří štítek k tomuto záznamu!

MARC

LEADER 00000nam a2200000 a 4500
001 UCK7020
003 CL-VaPUC
008 051028e20050000CL |||||||||||||||||spa|d
020 |a 9568285083 
082 0 4 |a 346.8303  |b ALA  |2 21 
100 0 |a Alarcón Soto, Alejandro Ernesto  |e author  |9 496483 
245 1 3 |a La pena privada 
250 |a 1a. ed 
300 |a 156 p 
942 |c BK 
945 |d 20051028 00:00:00  |a cmena 
260 |a Santiago  |b Jurídicas de Santiago  |c 2005 
650 7 |a RESPONSABILIDAD CIVIL  |2 CL-VaPUC  |9 496484 
650 0 |a Responsabilidad penal  |9 254899 
650 0 |a Derecho romano  |9 255930 
650 0 |a Jurisprudencia  |9 255952 
650 0 |a Derecho civil  |9 255013 
650 0 |a Daño moral   |9 430896 
583 |a last modification  |c 20051028 00:00:00  |k Rodrigo Vera 
999 |c 315113  |d 315111 
952 |0 0  |1 0  |4 0  |6 346_830300000000000_ALA_2005  |7 0  |8 A  |9 388051  |a BIBDER  |b BIBDER  |d 2019-11-22  |i 417495K  |o 346.8303 ALA 2005  |p 417495K  |r 2023-01-25  |w 2019-11-22  |y BK  |k DER